000 00338nam a22001457a 4500
008 180918b xxu||||| |||| 00| 0 eng d
020 _a9780534345808
041 _aeng
080 _22nd
_a159.9
082 _a159.9
100 _a48
101 _aPSI
245 _aAt-risk youth a comprehensive response
_cWhirter,M.C
942 _2udc
_cBK
999 _c47916
_d47916